LEADER 01042nam0-22003611i-450- 001 990006902870403321 005 20080318103951.0 010 $a88-15-05677-7 035 $a000690287 035 $aFED01000690287 035 $a(Aleph)000690287FED01 035 $a000690287 100 $a20010426d1996----km-y1itay50------ba 101 0 $aita 105 $ay---a---001cy 200 1 $aOrientamento scolastico e professionale$fMaria Luisa Pombeni 205 $aNuova ed. 210 $aBologna$cil Mulino$d1996 215 $a157 p.$d22 cm 225 1 $aAggiornamenti$iAspetti della psicologia 610 0 $aOrientamento scolastico 610 0 $aOrientamento professionale 676 $a371.42$v21$zita 700 1$aPombeni,$bMaria Luisa$0143647 801 0$aIT$bUNINA$gRICA$2UNIMARC 901 $aBK 912 $a990006902870403321 952 $aP.1 PS 307$bBibl. 40066$fFLFBC 952 $aIX F 101$b35518$fFSPBC 959 $aFSPBC 959 $aFLFBC 996 $aOrientamento scolastico e professionale$9629573 997 $aUNINA LEADER 01852nam0 2200349 i 450 001 SUN0004534 005 20120313115540.405 020 $aIT$b82 1538 100 $a20020723d1981 |0itac50 ba 101 $aita 102 $aIT 105 $a|||| ||||| 200 1 $aˆIl ‰regime delle trasformazioni urbanistiche ed edilizie$ecommentario della Legge n. 10, 1977$esecondo aggiornamento$fVincenzo Giuffrè 210 $aNapoli$cJovene$d1981 215 $aVIII, 374 p.$d24 cm$e1 fasc. (16 p.). 606 $aAree fabbricabili$xLegislazione$2FI$3SUNC002842 606 $aDiritto di edificare$xLegislazione$2FI$3SUNC002852 606 $aDiritto di edificare$xGiurisprudenza$2FI$3SUNC002853 620 $dNapoli$3SUNL000005 676 $a346$cDiritto privato$v22 700 1$aGiuffrè$b, Vincenzo$3SUNV001791$0352913 712 $aJovene$3SUNV000014$4650 801 $aIT$bSOL$c20181109$gRICA 912 $aSUN0004534 950 $aUFFICIO DI BIBLIOTECA DEL DIPARTIMENTO DI GIURISPRUDENZA$d00 CONS FTA.422 $e00 FTN83361 950 $aUFFICIO DI BIBLIOTECA DEL DIPARTIMENTO DI GIURISPRUDENZA$d00 CONS IV.Eof.17 $e00 115933339 950 $aUFFICIO DI BIBLIOTECA DEL DIPARTIMENTO DI GIURISPRUDENZA$d00 CONS IV.Eof.17 bis $e00 FT 36651 995 $aUFFICIO DI BIBLIOTECA DEL DIPARTIMENTO DI GIURISPRUDENZA$gFTN$h83361$kCONS FTA.422$op$qa 995 $aUFFICIO DI BIBLIOTECA DEL DIPARTIMENTO DI GIURISPRUDENZA$h115933339$kCONS IV.Eof.17$op$qa 995 $aUFFICIO DI BIBLIOTECA DEL DIPARTIMENTO DI GIURISPRUDENZA$gFT$h36651$kCONS IV.Eof.17 bis$op$qa 996 $aRegime delle trasformazioni urbanistiche ed edilizie$9325372 997 $aUNICAMPANIA